| 000 | 02610nam a2200301 a 4500 | ||
|---|---|---|---|
| 008 | 160415s2015 ||||||||||||||||| || u | ||
| 020 | _a9781845935153 | ||
| 050 | _aSB 319.T7 Mid | ||
| 100 | _aMidmore David J | ||
| 245 | 1 | 0 |
_aPrinciples of tropical horticulture _cBy David J. Midmore |
| 260 |
_aOxfordshire _bCABI Publishing _c2015 |
||
| 300 | _axi, 438p.: ill. | ||
| 350 | _a75.00 | ||
| 650 | _aTropical crops | ||
| 650 | _aHORTICULTURE--TROPICS | ||
| 650 | _aHARVESTING--TROPICS | ||
| 995 |
_aKAPASA MAKASA LIBRARY OPEN ACCESS _e747982 _FCBU-KAPASA MAKASA LIBRARY (Chinsali) _I75.00 _jSB 319.T7 Mid _M10 _UAVAILABLE _WSep 26, 2017 _y747982 _ZKapasa Makasa Library Open Acess Collection |
||
| 995 |
_aKAPASA MAKASA LIBRARY OPEN ACCESS _e747983 _FCBU-KAPASA MAKASA LIBRARY (Chinsali) _I75.00 _jSB 319.T7 Mid _M11 _UAVAILABLE _WSep 26, 2017 _y747983 _ZKapasa Makasa Library Open Acess Collection |
||
| 995 |
_aMAIN LIBRARY OPEN ACCESS _e745762 _FCBU-MAIN LIBRARY (Kitwe) _I75.00 _jSB 319.T7 Mid _M6 _UAVAILABLE _WApr 25, 2016 _y745762 _ZMain Library Open Access Collection |
||
| 995 |
_aKAPASA MAKASA LIBRARY OPEN ACCESS _e747980 _FCBU-KAPASA MAKASA LIBRARY (Chinsali) _I75.00 _jSB 319.T7 Mid _M8 _UAVAILABLE _WSep 26, 2017 _y747980 _ZKapasa Makasa Library Open Acess Collection |
||
| 995 |
_aKAPASA MAKASA LIBRARY OPEN ACCESS _e747981 _FCBU-KAPASA MAKASA LIBRARY (Chinsali) _I75.00 _jSB 319.T7 Mid _M9 _UAVAILABLE _WSep 26, 2017 _y747981 _ZKapasa Makasa Library Open Acess Collection |
||
| 995 |
_aMEDICAL LIBRARY OPEN ACCESS _e903630 _FCBU-SCHOOL OF MEDICINE LIBRARY (Ndola) _I75.00 _jSB 319.T7 Mid _M2 _UAVAILABLE _WApr 25, 2016 _y903630 _ZMedical Library Open Access Collection |
||
| 995 |
_aMAIN LIBRARY OPEN ACCESS _e745761 _FCBU-MAIN LIBRARY (Kitwe) _I75.00 _jSB 319.T7 Mid _M5 _UAVAILABLE _WApr 25, 2016 _y745761 _ZMain Library Open Access Collection |
||
| 995 |
_aKAPASA MAKASA LIBRARY OPEN ACCESS _e745987 _FCBU-KAPASA MAKASA LIBRARY (Chinsali) _I75.00 _jSB 319.T7 Mid _M1 _UAVAILABLE _WApr 25, 2016 _y745987 _ZKapasa Makasa Library Open Acess Collection |
||
| 995 |
_aKAPASA MAKASA LIBRARY OPEN ACCESS _e745763 _FCBU-KAPASA MAKASA LIBRARY (Chinsali) _I75.00 _jSB 319.T7 Mid _M7 _UAVAILABLE _WApr 25, 2016 _y745763 _ZKapasa Makasa Library Open Acess Collection |
||
| 995 |
_aKAPASA MAKASA LIBRARY OPEN ACCESS _e745760 _FCBU-KAPASA MAKASA LIBRARY (Chinsali) _I75.00 _jSB 319.T7 Mid _M4 _UAVAILABLE _WApr 25, 2016 _y745760 _ZKapasa Makasa Library Open Acess Collection |
||
| 995 |
_aMEDICAL LIBRARY OPEN ACCESS _e903629 _FCBU-SCHOOL OF MEDICINE LIBRARY (Ndola) _I75.00 _jSB 319.T7 Mid _M3 _UAVAILABLE _WApr 25, 2016 _y903629 _ZMedical Library Open Access Collection |
||
| 999 |
_c77363 _d77363 |
||